Geography Quiz

Random Geography or City Quiz

Kansas Largest Cities Quiz Stats

 Plays Quiz not verified by Sporcle

Score 0/10 Timer 08:00
0 Plays Today
Hint Answer % Correct
Kansas City
100%
Wichita
98.3%
Topeka
98.3%
Overland Park
85%
Lawrence
85%
Olathe
80%
Manhattan
80%
Shawnee
65%
Salina
61.7%
Lenexa
60%

You're not logged in!

Compare scores with friends on all Sporcle quizzes.
OR
Log In

Sporcle TV

Today on Sporcle TV


Watch our educational content, quiz creation guides, and fun videos on Sporcle TV.

Show Comments

Extras

Created Jan 16, 2015ReportNominate
Tags:City Quiz, largest

Top Quizzes Today


Score Distribution

Your Account Isn't Verified!

In order to create a playlist on Sporcle, you need to verify the email address you used during registration. Go to your Sporcle Settings to finish the process.

Report this User

Report this user for behavior that violates our Community Guidelines.

Details: